000 00369pab a2200121 454500
008 180718b xxu||||| |||| 00| 0 eng d
100 _aRay Baren
245 _aIn memory of Antonio Gramsci: reflections on the future of socialism
362 _a31(52) 6 Nov 93, p.17-23
650 _aGramsci, Antonio -- Criticism and Interpretation
773 _aMainstream
909 _a25375
999 _c25375
_d25375